Understanding and deploying LDAP directory services / (Record no. 175254)
[ view plain ]
| 000 -LEADER | |
|---|---|
| fixed length control field | 01122 a2200253 4500 |
| 003 - CONTROL NUMBER IDENTIFIER | |
| control field | Nust |
| 005 - DATE AND TIME OF LATEST TRANSACTION | |
| control field | 20220725105052.0 |
| 010 ## - LIBRARY OF CONGRESS CONTROL NUMBER | |
| LC control number | 2003000318 |
| 020 ## - INTERNATIONAL STANDARD BOOK NUMBER | |
| International Standard Book Number | 0672323168 (acid-free paper) |
| 040 ## - CATALOGING SOURCE | |
| Transcribing agency | Nust |
| 082 00 - DEWEY DECIMAL CLASSIFICATION NUMBER | |
| Classification number | 005.71369,HOW |
| 100 1# - MAIN ENTRY--PERSONAL NAME | |
| Personal name | Howes, Tim. |
| 9 (RLIN) | 94853 |
| 245 10 - TITLE STATEMENT | |
| Title | Understanding and deploying LDAP directory services / |
| Statement of responsibility, etc. | Timothy A. Howes, Mark C. Smith, and Gordon S. Good. |
| 250 ## - EDITION STATEMENT | |
| Edition statement | 2nd ed. |
| 260 ## - PUBLICATION, DISTRIBUTION, ETC. | |
| Place of publication, distribution, etc. | Boston : |
| Name of publisher, distributor, etc. | Addison-Wesley, |
| Date of publication, distribution, etc. | c2003. |
| 300 ## - PHYSICAL DESCRIPTION | |
| Extent | xxxiv, 899 p. : |
| Other physical details | ill. ; |
| Dimensions | 25 cm. |
| 505 ## - FORMATTED CONTENTS NOTE | |
| Formatted contents note | Part-1 Introduction to Directory Services and LDAP (Page-1), Part-2: Designing your Directory Service (Page-199), Part-3: Deploying Your Directory Service (Page-453), Part-IV: Maintaining Your Directory Service (Page-535), Part-V: Leveraging Your Directory Services (Page-641), Part-VI Case Studies (Page-795). |
| 650 #0 - SUBJECT ADDED ENTRY--TOPICAL TERM | |
| Topical term or geographic name entry element | Computer network protocols. |
| 9 (RLIN) | 81627 |
| 650 #0 - SUBJECT ADDED ENTRY--TOPICAL TERM | |
| Topical term or geographic name entry element | Directory services (Computer network technology) |
| 9 (RLIN) | 94854 |
| 650 #0 - SUBJECT ADDED ENTRY--TOPICAL TERM | |
| Topical term or geographic name entry element | LDAP (Computer network protocol) |
| 9 (RLIN) | 94855 |
| 700 1# - ADDED ENTRY--PERSONAL NAME | |
| Personal name | Good, Gordon S. |
| 9 (RLIN) | 94856 |
| 700 1# - ADDED ENTRY--PERSONAL NAME | |
| Personal name | Smith, Mark, |
| Dates associated with a name | 1966- |
| 9 (RLIN) | 94857 |
| 942 ## - ADDED ENTRY ELEMENTS (KOHA) | |
| Koha item type | Reference |
| Source of classification or shelving scheme | |
| Withdrawn status | Lost status | Source of classification or shelving scheme | Damaged status | Not for loan | Permanent Location | Current Location | Shelving location | Date acquired | Full call number | Barcode | Date last seen | Price effective from | Koha item type | Public note |
|---|---|---|---|---|---|---|---|---|---|---|---|---|---|---|
| Military College of Signals (MCS) | Military College of Signals (MCS) | Reference | 12/12/2016 | 005.71369,HOW | MCS31554 | 12/08/2016 | 12/12/2016 | Book | Almirah No.18, Shelf No.1 |
